000 00345nam a2200109Ia 4500
008 221009s9999 xx 000 0 und d
082 _a920/SHA
100 _aशर्मा,राघव शरण
_978152
245 0 _aमहानायक सुभाषचन्‍द्र
260 _bसाहित्‍य सरोवर
942 _cBK
999 _c65104
_d65104